Normal view
MARC view
- Mazzilli Stefano
Entry Personal Name
001 - CONTROL NUMBER
- control field: 28163
003 - CONTROL NUMBER IDENTIFIER
- control field: IT-RoPau
005 - DATE AND TIME OF LATEST TRANSACTION
- control field: 20140603154418.0
008 - FIXED-LENGTH DATA ELEMENTS
- fixed length control field: 140603|| aca||aabn | a|a d
040 ## - CATALOGING SOURCE
- Original cataloging agency: IT-RoPau
- Transcribing agency: IT-RoPau
100 ## - HEADING--PERSONAL NAME
- Personal name: Mazzilli Stefano
- Dates associated with a name: Codice autore testo/musica SPICS: 35357
- Relator term: Autore testo/musica
- Name of part/section of a work: Libera il tuo sì - Figlio dell'amore
670 ## - SOURCE DATA FOUND
- Source citation: Work cat.: (IT-RoPau)99471: AA.VV. 794, Io sarò con te